Statistics for Wh Answers

Click here to take the quiz!

General Stats

  • This quiz has been taken 752 times
  • The average score is 15 of 19

Answer Stats

Hint Answer % Correct
The color of the president's residenceWhite
99%
Cooking utensil used to whip egg whites or batterWhisk
97%
_____ of FortuneWheel
97%
Speak very quietlyWhisper
96%
Referee's instrumentWhistle
95%
Jack Daniel's beverageWhiskey
94%
R&B singer HoustonWhitney
94%
Dessert topping - Cool ____Whip
93%
Burger King's signature sandwichWhopper
90%
Severe neck injury caused by car accidentWhiplash
81%
George Michael's bandWham!
71%
Ahab's enemyWhale
69%
To carve woodWhittle
68%
Political party of William Henry HarrisonWhig
65%
Structure on a harbor shore where boats dockWharf
63%
Major appliance company or a ship's worst nightmareWhirlpool
63%
He painted a famous portrait of his motherWhistler
48%
Type of water in rapidsWhitewater
46%
Renown business school in PhiladelphiaWharton
30%

Score Distribution

Percentile by Number Answered

Percent of People with Each Score

Your Score History

You have not taken this quiz